000 01291nam a2200325 a 4500
001 000113870
003 CHAP
005 20220329144417.0
008 171003s2017 mx sm |||||||spa d
010 _a110331
011 _a111303
040 _cCHAP
090 _aTesis
100 1 _aVillarreal Ornelas, Elena del Carmen
_9133595
245 1 0 _aRendimiento y calidad del aceite de semilla de Argemone Pleiacantha Green para la producción de biodiesel
_h[En línea]
_cElena del Carmen Villarreal Ornelas.
260 _aChapingo, Méx. :
_bEl autor,
_c2017.
500 _aPara ver el contenido del material haga clic en la liga
502 _aTesis (M. C. en Recursos Naturales y Medio Ambiente) -- UACH. Unidad Reginal Universitaria de Zonas Áridas
590 _aBATCH-UPD
_b05
_c20171003
_lUCH01
_h1018
590 _aE6337LMJ
_b05
_c20171003
_lUCH01
_h1018
590 _aE6337LMJ
_b05
_c20171003
_lUCH01
_h1018
650 1 4 _aAceites vegetales como combustible.
_9464
650 1 4 _aArgemone pleiacantha
_xFisiología y morfología.
_9133597
650 1 4 _aBiocombustibles
_xProducción.
_9129610
650 1 4 _aSemillas oleaginosas
_xGerminación.
_9133596
856 _aFinding aid
_uhttp://10.13.5.2/tesis/sist113870.pdf
_zTeclea aquí
901 _aBK
942 _cTESIS
942 _n0
999 _c110331
_d110331